[Event "Nouadhibou Independence op"]
[Site "Nouadhibou"]
[Date "2014.11.30"]
[Round "8"]
[White "Sid Ahmed, Elmahmoud"]
[Black "Bellal, Tiyeb"]
[Result "0-1"]
[WhiteElo "1682"]
[BlackElo "1600"]
[PlyCount "58"]
[EventDate "2014.11.27"]
[EventType "swiss"]
[EventRounds "9"]
[EventCountry "MAU"]
[SourceTitle "CBM 163 Extra"]
[Source "ChessBase"]
[SourceDate "2014.12.23"]
[SourceVersion "1"]
[SourceVersionDate "2014.12.23"]
[SourceQuality "1"]

1. e4 d5 2. exd5 Qxd5 3. Nc3 Qa5 4. Nf3 Nf6 5. Be2 e6 6. d4 c6 7. Bd2 Qc7 8. h3 Be7 9. a3 0-0 10. 0-0 b6 11. g3 Nbd7 12. Bf4 Bd6 13. Bxd6 Qxd6 14. Qd2 Nh5 15. Ne4 Qc7 16. c4 Ndf6 17. Nxf6+ gxf6 18. Rad1 Kh8 19. Bd3 Rg8 20. Qe3 Nxg3 21. Qe1 Nxf1+ 22. Kxf1 Qf4 23. Qe2 e5 24. dxe5 Bxh3+ 25. Ke1 Bg2 26. Be4 f5 27. Bxc6 Rad8 28. Rxd8 Rxd8 29. b4 Qc1+ 0-1

[Event "Nouadhibou Independence op"]
[Site "Nouadhibou"]
[Date "2014.11.28"]
[Round "4"]
[White "Ebnou, Sidahmed"]
[Black "Sid Ahmed, Elmahmoud"]
[Result "1-0"]
[WhiteElo "1611"]
[BlackElo "1682"]
[PlyCount "93"]
[EventDate "2014.11.27"]
[EventType "swiss"]
[EventRounds "9"]
[EventCountry "MAU"]
[SourceTitle "CBM 163 Extra"]
[Source "ChessBase"]
[SourceDate "2014.12.23"]
[SourceVersion "1"]
[SourceVersionDate "2014.12.23"]
[SourceQuality "1"]

1. e4 e6 2. Nf3 c5 3. Nc3 Nc6 4. Bc4 a6 5. d4 cxd4 6. Nxd4 Bc5 7. Nxc6 bxc6 8. 0-0 Ne7 9. Qd3 0-0 10. Qh3 d5 11. Bd3 e5 12. Qh5 Ng6 13. exd5 cxd5 14. Bxg6 fxg6 15. Qxe5 Rf5 16. Qg3 Qf8 17. Ne2 Bd6 18. f4 Bc5+ 19. Be3 Bd7 20. c3 Re8 21. Bxc5 Qxc5+ 22. Nd4 Rf7 23. Rf2 Rfe7 24. Qd3 Bc8 25. Qf3 Re1+ 26. Rxe1 Rxe1+ 27. Rf1 Rxf1+ 28. Qxf1 Bb7 29. Qe1 Kf7 30. Qe6+ Kf8 31. Qd7 Bc8 32. Qd8+ Kf7 33. h3 Bf5 34. b4 Qxc3 35. Qxd5+ Kf6 36. Qd6+ Kf7 37. Kh2 Qe3 38. Nc6 Qe4 39. Ne5+ Ke8 40. Qb8+ Ke7 41. Qc7+ Ke8 42. Nc6 Kf8 43. Qd6+ Kf7 44. Qc7+ Kf8 45. a4 h6 46. b5 axb5 47. axb5 1-0

[Event "Nouadhibou Independence op"]
[Site "Nouadhibou"]
[Date "2014.11.27"]
[Round "1"]
[White "Sid Ahmed, Elmahmoud"]
[Black "Med, Salem Ghaylani"]
[Result "1/2-1/2"]
[WhiteElo "1682"]
[BlackElo "1556"]
[PlyCount "73"]
[EventDate "2014.11.27"]
[EventType "swiss"]
[EventRounds "9"]
[EventCountry "MAU"]
[SourceTitle "CBM 163 Extra"]
[Source "ChessBase"]
[SourceDate "2014.12.23"]
[SourceVersion "1"]
[SourceVersionDate "2014.12.23"]
[SourceQuality "1"]

1. e4 c5 2. Nc3 Nc6 3. Nge2 g6 4. d4 cxd4 5. Nxd4 Bg7 6. Nce2 Nf6 7. f3 0-0 8. c3 Nxd4 9. Nxd4 d6 10. Be2 e5 11. Nc2 Be6 12. 0-0 Qb6+ 13. Kh1 Rad8 14. c4 Nh5 15. b3 Nf4 16. Be3 Qa5 17. Qe1 b6 18. Qxa5 bxa5 19. Bd1 Rd7 20. Bd2 a4 21. Nb4 f5 22. g3 Nh3 23. Bc2 f4 24. Nd5 h5 25. bxa4 Ng5 26. h4 Nh3 27. gxf4 Bxd5 28. exd5 Nxf4 29. Be4 Bf6 30. Rg1 Rg7 31. Bxf4 exf4 32. Rab1 Kh7 33. Kg2 Bd4 34. Rgd1 Bb6 35. Re1 Kh6 36. Bc2 Be3 37. Kh3 1/2-1/2

[Event "MAU-ch"]
[Site "Nouadhibou"]
[Date "2014.01.01"]
[Round "7"]
[White "Hemam, Moulaye Brahim"]
[Black "Sid Ahmed, Elmahmoud"]
[Result "0-1"]
[WhiteElo "2061"]
[BlackElo "1697"]
[PlyCount "76"]
[EventDate "2013.12.28"]
[EventType "swiss"]
[EventRounds "11"]
[EventCountry "MAU"]
[SourceTitle "CBM 158 Extra"]
[Source "ChessBase"]
[SourceDate "2014.02.28"]
[SourceVersion "1"]
[SourceVersionDate "2014.02.28"]
[SourceQuality "1"]

1. e4 e6 2. Nf3 d5 3. d3 c5 4. exd5 exd5 5. c3 Nf6 6. h3 Be7 7. d4 c4 8. Bg5 Nc6 9. Nbd2 Bf5 10. Rc1 Rc8 11. Be2 0-0 12. 0-0 Qa5 13. Nh4 Be6 14. Kh2 h6 15. Be3 Qxa2 16. Qc2 Qa5 17. Nf5 Qb6 18. Rb1 Rfe8 19. Kg1 Bf8 20. Bf3 Qc7 21. Ra1 Qd7 22. g4 h5 23. b4 cxb3 24. Nxb3 hxg4 25. Bxg4 Ne4 26. f3 Bxf5 27. Bxf5 Qxf5 28. fxe4 Qxh3 29. Qf2 Nd8 30. Bd2 Rc6 31. Qh2 Rg6+ 32. Kh1 Qd3 33. Rf2 Qxe4+ 34. Rg2 Bd6 35. Qh3 Rg3 36. Qh2 Qf3 37. Nc5 Re2 38. Rd1 Rgxg2 0-1

[Event "MAU-ch"]
[Site "Nouadhibou"]
[Date "2013.12.28"]
[Round "2"]
[White "Med, Salem Ghaylani"]
[Black "Sid Ahmed, Elmahmoud"]
[Result "0-1"]
[WhiteElo "1629"]
[BlackElo "1697"]
[PlyCount "31"]
[EventDate "2013.12.28"]
[EventType "swiss"]
[EventRounds "11"]
[EventCountry "MAU"]
[SourceTitle "CBM 158 Extra"]
[Source "ChessBase"]
[SourceDate "2014.02.28"]
[SourceVersion "1"]
[SourceVersionDate "2014.02.28"]
[SourceQuality "1"]

1. e4 e6 2. Nf3 d5 3. Nc3 d4 4. Nb5 c5 5. Bc4 a6 6. Na3 b5 7. Be2 Bb7 8. d3 g6 9. c4 b4 10. Nc2 Nc6 11. Bf4 h6 12. 0-0 Nge7 13. h4 Bg7 14. g3 0-0 15. Nh2 Bc8 16. e5 0-1

[Event "MAU-ch"]
[Site "Nouadhibou"]
[Date "2013.12.28"]
[Round "1"]
[White "Sid Ahmed, Elmahmoud"]
[Black "Hemam, Moulaye Brahim"]
[Result "0-1"]
[WhiteElo "1697"]
[BlackElo "2077"]
[PlyCount "86"]
[EventDate "2013.12.28"]
[EventType "swiss"]
[EventRounds "11"]
[EventCountry "MAU"]
[SourceTitle "CBM 158 Extra"]
[Source "ChessBase"]
[SourceDate "2014.02.28"]
[SourceVersion "1"]
[SourceVersionDate "2014.02.28"]
[SourceQuality "1"]

1. e4 c5 2. Nf3 Nc6 3. Nc3 Nf6 4. Bb5 a6 5. Be2 d5 6. exd5 Nxd5 7. Nxd5 Qxd5 8. 0-0 g6 9. d4 cxd4 10. Bd3 Bg7 11. Re1 0-0 12. a3 Bg4 13. h3 Bxf3 14. gxf3 Qh5 15. Kg2 Rad8 16. Bf4 e5 17. Bg3 f5 18. Bc4+ Kh8 19. Be2 f4 20. Bh2 Rf5 21. Kh1 Qxh3 22. Rg1 Rh5 23. Rg2 Rf8 24. Kg1 e4 25. fxe4 f3 26. Bxf3 Qxf3 27. Qxf3 Rxf3 28. Bg3 Be5 29. Rd1 Bxg3 30. Rxg3 Rxg3+ 31. fxg3 Re5 32. Re1 Rc5 33. Re2 Ne5 34. Kg2 d3 35. cxd3 Nxd3 36. Kf3 Rc2 37. Re3 Nxb2 38. Rb3 b5 39. e5 Nc4 40. e6 Nd2+ 41. Kf4 Nxb3 42. Ke5 Kg7 43. Kd6 Kf6 0-1